| 000 | 03707nab a2200361 i 4500 | ||
|---|---|---|---|
| 003 | BR-BrBNA | ||
| 005 | 20251207173828.0 | ||
| 008 | 251207b2020 bl.|r|pooa||| 00| 0 spa | | ||
| 040 |
_aBR-BrBNA _bspa |
||
| 072 |
_aH20 _b1105 |
||
| 072 | _aH01 | ||
| 100 | _aAyón, Carlos Bryan Cambero | ||
| 100 | _aEsquivel, Gregorio Luna | ||
| 100 | _aVelasco, Claudio Rios | ||
| 100 | _aVirgen, Orlando Estrada | ||
| 100 | _aAranguré, Antonio Betancourt | ||
| 100 | _aCampos, Octavio Jhonathan Cambero | ||
| 245 | _aEvaluación in vitro de antagonistas contra patógenos de fruto de guanábana (Annona muricata L.) en Nayarit, México | ||
| 500 | _a Publicação online; 26 ref.; 3 illus.; Summaries (En, Es) | ||
| 520 | _a Resumen - En Nayarit, México, la producción de guanábana es afectada por los patógenos de fruto Pestalotiopsis sp. y Colletotrichum gloeosporioides que provocan pudrición seca y Lasiodiplodia pseudotheobromae pudrición blanda. En el presente estudio, se evaluó el antagonismo in vitro de tres especies de Streptomyces, tres de Trichoderma y tres de Bacillus. Las cepas de Trichoderma mostraron diferente inhibición en los patógenos evaluados, Trichoderma longibrachiatum mostró el mayor PICR, que fueron de 60.45, 59.33 y 57.9 al confrontarse contra C. gloeosporioides, Pestalotiopsis sp., y L. pseudotheobromae, respectivamente. En el caso de las bacterias, el mayor PICR fue de 58.22 % con B. methylotrophicus contra Pestalotiopsis sp. Las cepas de Streptomyces fueron las más eficaces y podrían estudiarse en futuras investigaciones sobre el control biológico de patógenos de fruto, ya que ejercieron el 100 % de inhibición excepto S. viridochromogenes que presentó un porcentaje de inhibición de crecimiento radial (PICR) de 88.3 % contra Lasiodiplodia pseudotheobromae. Términos para Indexación: Control biológico, antagonismo, fitopatógeno, confrontación. | ||
| 520 | _a Abstract - In Nayarit, Mexico, soursop production is affected by the pathogens of Pestalotiopsis sp. and Colletotrichum gloeosporioides that cause dry rot and Lasiodiplodia pseudotheobromae soft rot. In the present study, the in vitro antagonism of three species of Streptomyces, three of Trichoderma and three of Bacillus were evaluated. The Trichoderma strains showed different inhibition in the pathogens evaluated, Trichoderma longibrachiatum showed the highest PIRG in vitro, which was 60.45, 59.33 and 57.9 when confronted against C. gloeosporioides, Pestalotiopsis sp., and L. pseudotheobromae, respectively. The bacteria showed lower PIRG than the fungi. B. methylotrophicus exhibited the highest capacity of inhibition of the experiment with 58.22 % of PIRG against Pestalotiopsis sp. The Streptomyces strains were the most effective and could be studied in future researches on the biological control of fruit pathogens, since they exerted 100 % inhibition except S. viridochromogenes that presented a percentage of inhibition of radial growth (PIRG) of 88.3 % against Lasiodiplodia pseudotheobromae. Index Terms: Biological control, antagonism, phytopathogen, confrontation | ||
| 650 | _aGRAVIOLA | ||
| 650 | _aFRUTA TROPICAL | ||
| 650 | _aDOENÇA FÚNGICA | ||
| 650 | _aCONTROLE BIOLÓGICO | ||
| 650 | _aANTAGONISMO | ||
| 650 | _aDEFESA VEGETAL | ||
| 650 | _aMÉXICO | ||
| 773 | 0 |
_0805 _9317045 _dJaboticabal-SP Sociedade Brasileira de Fruticultura 1978 _o2024-3607 _tRevista Brasileira de Fruticultura (Brazil) _x0100-2945 _gv. 42(2) p. 1-6; (2020) _wBR2025005177 |
|
| 856 | _uhttps://www.scielo.br/j/rbf/a/7xTHcVjkBNf9mBkVt7rDSyL/?format=pdf&lang=es | ||
| 942 | _cANA | ||
| 999 |
_c339387 _d339387 |
||